Word Ladder: Best Picture Oscar (1990s) Quiz Stats

 Plays Quiz Updated Mar 1, 2018

Challenge
Share
Tweet
Embed
Score 0/11 Timer 01:00
0 Plays Today
Clue 4-Letter Rung % Correct
• 66th Best Picture Winner: Schindler's ____• LIST •
98.3%
• 71st Best Picture Winner: Shakespeare in ____• LOVE •
98%
1960s Sci-Fi TV series: ____ in SpaceLOST
97%
• 64th Best Picture Winner: The Silence of the ____s •• LAMB •
96.9%
An arm, or a legLIMB
95.4%
Where a genie livesLAMP
94.8%
Talk like Daffy DuckLISP
94.2%
• 67th Best Picture Winner: Forrest ____• GUMP •
93.7%
Oscar-winning song: ____ YourselfLOSE
93.6%
Walk like Verbal KintLIMP
92.5%
Shapeless massLUMP
91.4%

Today's Daily Dose

You're not logged in!

Compare scores with friends on all Sporcle quizzes.
Join for Free
OR
Log In

You Might Also Like...

Show Comments

Extras

Top Quizzes Today


Score Distribution

Your Account Isn't Verified!

In order to create a playlist on Sporcle, you need to verify the email address you used during registration. Go to your Sporcle Settings to finish the process.

Report this User

Report this user for behavior that violates our Community Guidelines.

Details: